000 00287nam a22001337a 4500
008 170127b xxu||||| |||| 00| 0 eng d
020 _a0070328072
041 _aeng
080 _a61
100 _a3
101 _aSHM
245 _aHEALTH ASSESSMENT MANUAL
_cJONES, D.A
942 _2udc
_cBK
999 _c3865
_d3865